Current practice in obstetrics & gynaecology - 3 : (Record no. 99031)
[ view plain ]
| 000 -LEADER | |
|---|---|
| fixed length control field | 00960nam a22002897a 4500 |
| 003 - CONTROL NUMBER IDENTIFIER | |
| control field | URS |
| 005 - DATE AND TIME OF LATEST TRANSACTION | |
| control field | 20260314132428.0 |
| 008 - FIXED-LENGTH DATA ELEMENTS--GENERAL INFORMATION | |
| fixed length control field | 260314b |||||||| |||| 00| 0 eng d |
| 020 ## - INTERNATIONAL STANDARD BOOK NUMBER | |
| International Standard Book Number | 978-9-35696-156-2 |
| 040 ## - CATALOGING SOURCE | |
| Language of cataloging | English |
| Description conventions | rda |
| Transcribing agency | URS |
| 050 00 - LIBRARY OF CONGRESS CALL NUMBER | |
| Classification number | RG1 |
| Item number | .D4511 2023 |
| 100 ## - MAIN ENTRY--PERSONAL NAME | |
| Personal name | Desai, Pankaj, |
| Relator term | author. |
| 245 00 - TITLE STATEMENT | |
| Title | Current practice in obstetrics & gynaecology - 3 : |
| Remainder of title | endometriosis / |
| Statement of responsibility, etc | Pankaj Desai, Purvi Patel. |
| 250 ## - EDITION STATEMENT | |
| Edition statement | 2nd edition. |
| 264 #1 - PUBLICATION, DISTRIBUTION, ETC. (IMPRINT) | |
| Place of publication, distribution, etc | New Delhi, India : |
| Name of publisher, distributor, etc | Jaypee Brothers Medical Publishers (P) Ltd. |
| Date of publication, distribution, etc | ©2023. |
| 300 ## - PHYSICAL DESCRIPTION | |
| Extent | 276 pages : |
| Other physical details | illustrations ; |
| Dimensions | 24 cm. |
| 336 ## - CONTENT TYPE | |
| Content type term | text |
| Content type code | txt |
| Source | rdacontent |
| 337 ## - MEDIA TYPE | |
| Media type term | unmediated |
| Media type code | n |
| Source | rdamedia |
| 338 ## - CARRIER TYPE | |
| Carrier type term | volume |
| Carrier type code | nc |
| Source | rdacarrier |
| 504 ## - BIBLIOGRAPHY, ETC. NOTE | |
| Bibliography, etc | Includes bibliographical references and index. |
| 650 #0 - SUBJECT ADDED ENTRY--TOPICAL TERM | |
| Topical term or geographic name as entry element | Gynecology. |
| 650 #0 - SUBJECT ADDED ENTRY--TOPICAL TERM | |
| Topical term or geographic name as entry element | Obstetrics. |
| 650 #0 - SUBJECT ADDED ENTRY--TOPICAL TERM | |
| Topical term or geographic name as entry element | Pregnancy. |
| 9 (RLIN) | 6701 |
| 650 #0 - SUBJECT ADDED ENTRY--TOPICAL TERM | |
| Topical term or geographic name as entry element | Genitourinary organs. |
| 9 (RLIN) | 6702 |
| 700 ## - ADDED ENTRY--PERSONAL NAME | |
| Personal name | Patel, Purvi, |
| Relator term | author. |
| 9 (RLIN) | 6704 |
| 942 ## - ADDED ENTRY ELEMENTS (KOHA) | |
| Source of classification or shelving scheme | Library of Congress Classification |
| Koha item type | Reserved Books |
| Withdrawn status | Lost status | Source of classification or shelving scheme | Damaged status | Not for loan | Collection code | Home library | Current library | Shelving location | Date acquired | Source of acquisition | Cost, normal purchase price | Total Checkouts | Full call number | Barcode | Date last seen | Copy number | Cost, replacement price | Price effective from | Koha item type |
|---|---|---|---|---|---|---|---|---|---|---|---|---|---|---|---|---|---|---|---|
| Library of Congress Classification | Non-fiction | Taytay College Library | Taytay College Library | Medicine Collection | 03/14/2026 | Purchased | 3618.00 | RG1 .D4511 2023 | URSTAY-6031 | 03/14/2026 | 1 | 3618.00 | 03/14/2026 | Reserved Books |